MEDIA JANTANTRA AUR AATANKWAD (Record no. 5302)

MARC details
000 -LEADER
fixed length control field 00385nam a22001577a 4500
005 - DATE AND TIME OF LATEST TRANSACTION
control field 20161022160057.0
008 - FIXED-LENGTH DATA ELEMENTS--GENERAL INFORMATION
fixed length control field 161022b xxu||||| |||| 00| 0 eng d
020 ## - INTERNATIONAL STANDARD BOOK NUMBER
ISBN 978-81-7119-822-1
041 ## - LANGUAGE CODE
Language code of text/sound track or separate title eng
100 ## - MAIN ENTRY--AUTHOR NAME
Personal name PACHURI,SUDHIS
245 ## - TITLE STATEMENT
Title MEDIA JANTANTRA AUR AATANKWAD
260 ## - PUBLICATION, DISTRIBUTION, ETC. (IMPRINT)
Name of publisher RADHA KRISHNAN
300 ## - PHYSICAL DESCRIPTION
Number of Pages 215
650 ## - SUBJECT ADDED ENTRY--TOPICAL TERM
Topical Term MASS COM @JOURNALISM
942 ## - ADDED ENTRY ELEMENTS (KOHA)
Koha item type Books
Holdings
Lost status Damaged status Home library Current library Shelving location Date acquired Source of acquisition Cost, normal purchase price Accession Number Koha item type
    JRU Library   SHELF-32-H 22/10/2016 Purchase 250.00 21415 Books
    JRU Library     22/10/2016 Purchase 250.00 21416 Books
    JRU Library   SHELF-32-I 22/10/2016 Purchase 250.00 21417 Books